Retail demand report (Record no. 106131)

MARC details
000 -LEADER
fixed length control field 01255cam a2200241 4500
001 - CONTROL NUMBER
control field ##L135655
008 - FIXED-LENGTH DATA ELEMENTS--GENERAL INFORMATION
fixed length control field 061122n2006 000 0 eng u
035 ## - SYSTEM CONTROL NUMBER
System control number (Sirsi) u135655
041 0# - LANGUAGE CODE
Language code of text/sound track or separate title eng
050 04 - LIBRARY OF CONGRESS CALL NUMBER
Classification number 711.552 $2 18
110 2# - MAIN ENTRY--CORPORATE NAME
Corporate name or jurisdiction name as entry element Focus
9 (RLIN) 3296
245 00 - TITLE STATEMENT
Title Retail demand report
260 ## - PUBLICATION, DISTRIBUTION, ETC.
Place of publication, distribution, etc. London
Name of publisher, distributor, etc. Focus
Date of publication, distribution, etc. 2006
490 #0 - SERIES STATEMENT
Series statement Focus Retail Demand Report
Volume/sequential designation (17)
505 1# - FORMATTED CONTENTS NOTE
Formatted contents note Regional demand -- Demand by retailer -- In-town demand -- Out of town demand -- Prime shop demand from leading retailers -- Greater London requirements -- Regional shopping centre demand
520 ## - SUMMARY, ETC.
Summary, etc. Latest annual report reveals difficult trading conditions for UK retailers and market uncertainty in 2006, largely due to competition from internet sales. Leeds topped the in-town demand league for 2006, with high levels of new development activity. In Greater London, the City proved to be a viable alternative location for retailers, ranking just behind the West End.
590 ## - LOCAL NOTE (RLIN)
Local note KA
651 #4 - SUBJECT ADDED ENTRY--GEOGRAPHIC NAME
Geographic name United Kingdom
Chronological subdivision
690 ## - LOCAL SUBJECT ADDED ENTRY--TOPICAL TERM (OCLC, RLIN)
Topical term or geographic name as entry element PROPERTY-COMMERCIAL PROPERTY-COMMERCIAL PROPERTY MARKET
690 ## - LOCAL SUBJECT ADDED ENTRY--TOPICAL TERM (OCLC, RLIN)
Topical term or geographic name as entry element PROPERTY-COMMERCIAL PROPERTY-RETAIL PROPERTY
856 40 - ELECTRONIC LOCATION AND ACCESS
Uniform Resource Identifier <a href="https://www.focusnet.co.uk">https://www.focusnet.co.uk</a>
Public note View the item free of charge at www.focusnet.co.uk...
942 ## - ADDED ENTRY ELEMENTS (KOHA)
Suppress in OPAC 0
Holdings
Withdrawn status Lost status Source of classification or shelving scheme Damaged status Not for loan Home library Current library Shelving location Date acquired Total Checkouts Full call number Barcode Date last seen Copy number Price effective from Koha item type
    Dewey Decimal Classification     Virtual Virtual Online 22/11/2006   ONLINE PUBLICATION 135655-2001 06/08/2019 1 06/08/2019 Book